000 00723nam a2200253 a 4500
001 43450
003 BD-RjUL
005 20211209053711.0
008 160622s1987 enka b 001 0 eng d
020 _a0709915578
035 _a(BD-RjUL)43568
040 _aBD-RjUL
_beng
_cBD-RjUL
041 _aeng
082 _a331.12042
_bKIC 1987
100 1 _aKinsey, B. H.
_9133441
245 1 0 _aCreating rural employment /
_cB.H. Kinsey
260 _aLondon :
_bCroom Helm,
_cc1987
300 _a116 p :
_bill. ;
_c22 cm
504 _aIncludes Bibliography: p. 107-112 and index
650 0 _aManpower policy, Rural
_9133442
650 0 _aPublic service employment
_9133443
942 _2ddc
_cBK
999 _c43450
_d43450